00509 2200181 4500001002100000005001500021008004100036020001800077035001900095041000700114082000800121090001400129100002100143245004900164260007300213300002500286650001600311INLIS00000000000127720241224112323241224||||||||| | ||| |||| || |  a979-8026-46-2 0010-1224001277 aid0 a355 a355 BAN a0 aBantarto Bandoro00aAgenda dan Penataan Keamanan di Asia Pasifik aJakartabCentre For Strategic and International Studies (CSIS)c1996 avi, 202 hlm. ; 25 cm 0aIlmu Sosial